| 000 | 00415nam a2200169Ia 4500 | ||
|---|---|---|---|
| 008 | 210210b1931 xxu||||| |||| 00| 0 eng d | ||
| 041 | _aeng | ||
| 082 | _a321/9 | ||
| 100 | _aALLEN (Carleton Kemp) | ||
| 245 | _aBureaucracy triumphant | ||
| 260 |
_aLondon _bOxford University Press _c1931 |
||
| 300 | _a148 | ||
| 650 | _atriumphant | ||
| 650 | _aBureaucracy | ||
| 690 | _aPolitical Science | ||
| 906 | _a003327 | ||
| 999 |
_c121049 _d121049 |
||